iSpeak public speaking for contemporary life

Preparing your presentations; Selecting and arranging content; Types of presentations

में बचाया:
ग्रंथसूची विवरण
मुख्य लेखक: Nelson, Paul E.|q (Paul Edward) 1941-
अन्य लेखक: Titsworth, Scott., Pearson, Judy C.
स्वरूप: पुस्तक
भाषा:English
प्रकाशित: Boston McGraw-Hill Higher Education 2009
संस्करण:2nd ed.
विषय:
टैग : टैग जोड़ें
कोई टैग नहीं, इस रिकॉर्ड को टैग करने वाले पहले व्यक्ति बनें!
Thư viện lưu trữ: Mạng thư viện Đại học Đà Nẵng
LEADER 01406nam a2200373 4500
001 000018532
003 14964
005 20131204161250.0
008 131119s2009 engsd
020 |a 9780073385082 (pbk. : alk. paper)  |a 0073385085 (pbk. : alk. paper) 
041 0 |a eng 
082 1 4 |a 808.51  |b NE-P 
100 1 |a Nelson, Paul E.|q (Paul Edward)  |d 1941- 
245 1 0 |a iSpeak  |b public speaking for contemporary life  |c public speaking for contemporary life 
250 |a 2nd ed. 
260 |a Boston  |b McGraw-Hill Higher Education  |c 2009 
300 |a xxvii, 282 p.  |b ill. (chiefly col.)  |c 26 cm. 
500 |a Rev. ed. of: Public speaking. 2007. 
504 |a Includes bibliographical references and index. 
520 3 |a Preparing your presentations; Selecting and arranging content; Types of presentations 
650 0 4 |a Public speaking. 
653 |a Diễn thuyết 
700 1 |a Titsworth, Scott. 
700 1 |a Pearson, Judy C. 
OWN |a LSP 
AVA |a UDN50  |b LSP  |d 808.51 NE-P  |e available  |t Error 5001 Not defined in file expand_doc_bib_avail.  |f 1  |g 0  |h N  |i 0  |k 1 
999 |a From the UDN01 
AVA |a UDN50  |b LSP  |d 808.51 NE-P  |e available  |t Error 5001 Not defined in file expand_doc_bib_avail.  |f 1  |g 0  |h N  |i 0  |k 1 
TYP |a Monograph 
TYP |a Printed language 
980 |a Mạng thư viện Đại học Đà Nẵng